| 000 | 00688nam a2200241Ia 4500 | ||
|---|---|---|---|
| 005 | 20250425162529.0 | ||
| 008 | 250425s9999 xx 000 0 und d | ||
| 020 | _a997886282X | ||
| 041 | _aspa | ||
| 043 | _aec | ||
| 082 | _a341.02636 | ||
| 100 | _aEDITORIAL, JURIDICA DEL ECUADOR | ||
| 245 | 0 | _aCODIGO TRIBUTARIO | |
| 250 | _a1A ED. | ||
| 260 |
_aEcuador _bCORPORACION DE ESTUDIOS Y PUBLICACIONES _c2012 |
||
| 260 |
_aQUITO _bCORPORACION DE ESTUDIOS Y PUBLICACIONES |
||
| 300 | _a100 | ||
| 500 | _aVERSION PROFESIONAL ACTUALIZADO A JULIO DEL 2012 | ||
| 650 | _aCODIGO TRIBUTARIO | ||
| 710 | _aCORPORACION DE ESTUDIOS Y PUBLICACIONES | ||
| 942 | _c01 | ||
| 010 | _a82208 | ||
| 999 |
_c231116 _d231116 |
||